[Event "Summer Prague Open 2022 - A"]
[Site "Olympik hotel, Sokolovska 138, Praha"]
[Date "2022.08.05"]
[Round "1"]
[Board "1"]
[White "Chrz, Pavel"]
[Black "Zanan, Evgeny"]
[Result "0-1"]
[WhiteElo "1986"]
[BlackElo "2510"]
[PlyCount "0"]
[EventDate "2022.08.05"]
[EventRounds "9"]
[EventCountry "CZE"]

1. e4 {[%clk 1:30:52]} c5 {[%clk 1:30:51]} 2. Nf3 {[%clk 1:31:03]} a6
{[%clk 1:31:02]} 3. c3 {[%clk 1:31:15]} d6 {[%clk 1:30:42]} 4. d4
{[%clk 1:30:36]} Qc7 {[%clk 1:28:10]} 5. Bd3 {[%clk 1:28:55]} g6 {[%clk 1:27:29]}
6. Be3 {[%clk 1:27:51]} Bg7 {[%clk 1:27:22]} 7. h3 {[%clk 1:25:51]} Nd7
{[%clk 1:25:53]} 8. O-O {[%clk 1:24:16]} Ngf6 {[%clk 1:24:52]} 9. Re1
{[%clk 1:18:34]} O-O {[%clk 1:24:01]} 10. Nbd2 {[%clk 1:15:31]} b5
{[%clk 1:16:07]} 11. Nf1 {[%clk 1:08:39]} Bb7 {[%clk 1:14:41]} 12. Bf4
{[%clk 1:04:46]} e5 {[%clk 1:12:47]} 13. Bh2 {[%clk 1:02:31]} Rfe8
{[%clk 1:03:16]} 14. d5 {[%clk 0:59:52]} c4 {[%clk 1:02:45]} 15. Bc2
{[%clk 0:58:38]} Nc5 {[%clk 1:02:52]} 16. a4 {[%clk 0:53:01]} Reb8
{[%clk 0:58:16]} 17. Qe2 {[%clk 0:36:52]} Bc8 {[%clk 0:56:09]} 18. N1d2
{[%clk 0:29:57]} Bd7 {[%clk 0:54:43]} 19. axb5 {[%clk 0:21:47]} axb5
{[%clk 0:54:27]} 20. Qe3 {[%clk 0:20:54]} Qc8 {[%clk 0:48:43]} 21. Nxe5
{[%clk 0:06:59]} Rxa1 {[%clk 0:48:15]} 22. Rxa1 {[%clk 0:07:23]} dxe5
{[%clk 0:48:37]} 23. Bxe5 {[%clk 0:07:50]} Ng4 {[%clk 0:48:58]} 24. hxg4
{[%clk 0:06:08]} Bxe5 {[%clk 0:49:24]} 25. f4 {[%clk 0:06:14]} Bc7
{[%clk 0:45:00]} 26. Nf3 {[%clk 0:04:04]} Bb6 {[%clk 0:42:49]} 27. Nd4
{[%clk 0:04:23]} Bxg4 {[%clk 0:43:01]} 28. f5 {[%clk 0:03:22]} Nd3
{[%clk 0:37:38]} 29. Qg5 {[%clk 0:02:47]} Bh5 {[%clk 0:34:44]} 30. Kf1
{[%clk 0:01:06]} Qc7 {[%clk 0:32:28]} 31. Bxd3 {[%clk 0:01:04]} cxd3
{[%clk 0:30:52]} 32. g4 {[%clk 0:00:52]} Qg3 {[%clk 0:30:06]} 33. f6
{[%clk 0:00:46]} Bxd4 {[%clk 0:30:14]} 34. cxd4 {[%clk 0:01:11]} Bxg4
{[%clk 0:30:34]}  0-1

[Event "Summer Prague Open 2022 - A"]
[Site "Olympik hotel, Sokolovska 138, Praha"]
[Date "2022.08.05"]
[Round "1"]
[Board "2"]
[White "Pap, Gyula"]
[Black "Novotny, David"]
[Result "1-0"]
[WhiteElo "2481"]
[BlackElo "1986"]
[PlyCount "0"]
[EventDate "2022.08.05"]
[EventRounds "9"]
[EventCountry "CZE"]

1. e4 {[%clk 1:30:49]} c5 {[%clk 1:29:30]} 2. Nf3 {[%clk 1:30:40]} d6
{[%clk 1:29:49]} 3. d4 {[%clk 1:30:23]} cxd4 {[%clk 1:30:12]} 4. Nxd4
{[%clk 1:29:56]} Nf6 {[%clk 1:30:31]} 5. Nc3 {[%clk 1:30:21]} Nc6
{[%clk 1:30:23]} 6. Be2 {[%clk 1:24:54]} g6 {[%clk 1:29:20]} 7. O-O
{[%clk 1:23:03]} Bg7 {[%clk 1:27:26]} 8. Nb3 {[%clk 1:23:21]} O-O
{[%clk 1:26:03]} 9. Kh1 {[%clk 1:23:24]} a5 {[%clk 1:22:08]} 10. a4
{[%clk 1:20:48]} Be6 {[%clk 1:19:30]} 11. f4 {[%clk 1:19:19]} Rc8
{[%clk 1:10:59]} 12. Be3 {[%clk 1:16:55]} Nd7 {[%clk 1:01:56]} 13. Bb5
{[%clk 1:00:16]} Bxb3 {[%clk 0:54:48]} 14. cxb3 {[%clk 1:00:10]} Nc5 15. Bxc5
{[%clk 0:56:24]} dxc5 {[%clk 0:48:44]} 16. e5 {[%clk 0:51:41]} f6
{[%clk 0:36:35]} 17. Qd5+ {[%clk 0:43:04]} Qxd5 {[%clk 0:18:30]} 18. Nxd5
{[%clk 0:43:26]} Rcd8 {[%clk 0:15:53]} 19. Bxc6 {[%clk 0:40:23]} bxc6
{[%clk 0:16:10]} 20. Nxe7+ {[%clk 0:40:30]} Kf7 {[%clk 0:14:03]} 21. Nxc6
{[%clk 0:39:44]} Rd2 {[%clk 0:12:31]} 22. Nxa5 {[%clk 0:20:44]} Rxb2
{[%clk 0:12:11]} 23. Rad1 {[%clk 0:14:59]} fxe5 {[%clk 0:09:46]} 24. fxe5+
{[%clk 0:14:52]} Ke6 {[%clk 0:09:06]} 25. Rd6+ {[%clk 0:14:55]} Kxe5
{[%clk 0:07:41]} 26. Nc4+ {[%clk 0:15:18]} Ke4 {[%clk 0:08:01]} 27. Re1+
{[%clk 0:15:41]} Kf4 {[%clk 0:07:38]} 28. Nxb2 {[%clk 0:16:02]} Bxb2
{[%clk 0:07:59]} 29. Rd2 {[%clk 0:15:32]} Bd4 {[%clk 0:05:17]} 30. Rxd4+
{[%clk 0:15:52]}  1-0

[Event "Summer Prague Open 2022 - A"]
[Site "Olympik hotel, Sokolovska 138, Praha"]
[Date "2022.08.05"]
[Round "1"]
[Board "3"]
[White "Vylicil, Adam"]
[Black "Schmaltz, Roland"]
[Result "1/2-1/2"]
[WhiteElo "1985"]
[BlackElo "2470"]
[PlyCount "0"]
[EventDate "2022.08.05"]
[EventRounds "9"]
[EventCountry "CZE"]

1. d4 {[%clk 1:30:57]} Nf6 {[%clk 1:30:55]} 2. c4 {[%clk 1:31:23]} e6
{[%clk 1:31:16]} 3. g3 {[%clk 1:31:49]} c5 {[%clk 1:31:38]} 4. d5
{[%clk 1:32:15]} d6 {[%clk 1:32:03]} 5. Nc3 {[%clk 1:31:07]} exd5
{[%clk 1:32:23]} 6. cxd5 {[%clk 1:31:32]} g6 {[%clk 1:32:46]} 7. Bg2
{[%clk 1:31:56]} Bg7 {[%clk 1:33:10]} 8. Nf3 {[%clk 1:32:23]} O-O
{[%clk 1:33:30]} 9. O-O {[%clk 1:32:50]} Re8 {[%clk 1:33:50]} 10. Re1
{[%clk 1:33:16]} Na6 {[%clk 1:29:55]} 11. Nd2 {[%clk 1:27:40]} Rb8
{[%clk 1:24:47]} 12. e4 {[%clk 1:19:17]} Ng4 {[%clk 1:18:46]} 13. h3
{[%clk 1:17:24]} Ne5 {[%clk 1:18:37]} 14. Bf1 {[%clk 1:03:00]} Nb4
{[%clk 1:02:56]} 15. Re3 {[%clk 1:01:54]} f5 {[%clk 1:01:38]} 16. a3
{[%clk 0:55:05]} Na6 {[%clk 1:02:03]} 17. f4 {[%clk 0:48:46]} Nf7
{[%clk 1:02:13]} 18. Nf3 {[%clk 0:46:24]} fxe4 {[%clk 0:59:39]} 19. Rxe4
{[%clk 0:42:10]} Bf5 {[%clk 0:59:27]} 20. Rxe8+ {[%clk 0:37:23]} Qxe8
{[%clk 0:59:36]} 21. Nb5 {[%clk 0:29:05]} Bd7 {[%clk 0:57:49]} 22. Qb3
{[%clk 0:27:03]} Qe4 {[%clk 0:47:00]} 23. Kf2 {[%clk 0:19:39]} Re8
{[%clk 0:31:20]} 24. Bd2 {[%clk 0:11:22]} c4 {[%clk 0:21:52]} 25. Qxc4
{[%clk 0:10:33]} Qxc4 {[%clk 0:21:44]} 26. Bxc4 {[%clk 0:10:56]} Bxh3
{[%clk 0:21:44]} 27. Nxa7 {[%clk 0:06:39]} Nc5 {[%clk 0:21:18]} 28. Bb4
{[%clk 0:05:03]} Ne4+ {[%clk 0:18:18]} 29. Kg1 {[%clk 0:05:03]} Ra8
{[%clk 0:16:03]} 30. Nb5 {[%clk 0:04:38]} Rc8 {[%clk 0:11:04]} 31. Bd3
{[%clk 0:03:53]} Nxg3 {[%clk 0:10:15]} 32. Nxd6 {[%clk 0:01:24]} Nxd6
{[%clk 0:10:06]} 33. Bxd6 {[%clk 0:01:49]} Bf5 {[%clk 0:09:39]} 34. Bxf5
{[%clk 0:01:12]} Nxf5 {[%clk 0:09:30]} 35. Be5 {[%clk 0:01:36]} Rd8
{[%clk 0:09:30]} 36. Rd1 {[%clk 0:00:39]} Ne3 {[%clk 0:09:26]} 37. Rd3
{[%clk 0:00:37]} Nxd5 {[%clk 0:09:54]} 38. Kf2 {[%clk 0:00:36]}  1/2-1/2

[Event "Summer Prague Open 2022 - A"]
[Site "Olympik hotel, Sokolovska 138, Praha"]
[Date "2022.08.05"]
[Round "1"]
[Board "4"]
[White "Mirzoev, Azer"]
[Black "Elias, Jakub"]
[Result "1-0"]
[WhiteElo "2435"]
[BlackElo "1982"]
[PlyCount "0"]
[EventDate "2022.08.05"]
[EventRounds "9"]
[EventCountry "CZE"]

1. d4 {[%clk 1:29:46]} Nf6 {[%clk 1:30:22]} 2. Nf3 {[%clk 1:30:08]} g6
{[%clk 1:30:20]} 3. Nbd2 {[%clk 1:30:17]} Bg7 {[%clk 1:29:31]} 4. e4
{[%clk 1:30:40]} d6 {[%clk 1:29:44]} 5. c3 {[%clk 1:31:02]} O-O {[%clk 1:29:46]}
6. Bd3 {[%clk 1:31:26]} Nbd7 {[%clk 1:29:18]} 7. O-O {[%clk 1:31:48]} e5
{[%clk 1:28:58]} 8. Re1 {[%clk 1:32:10]} b6 {[%clk 1:27:44]} 9. a4
{[%clk 1:32:26]} a5 {[%clk 1:27:15]} 10. Bb5 {[%clk 1:31:55]} Bb7
{[%clk 1:26:11]} 11. d5 {[%clk 1:32:15]} Nh5 {[%clk 1:23:08]} 12. Nc4
{[%clk 1:30:12]} h6 {[%clk 1:17:53]} 13. Nfd2 {[%clk 1:20:47]} Nf4
{[%clk 1:14:16]} 14. Nf1 {[%clk 1:20:01]} f5 {[%clk 1:02:53]} 15. f3
{[%clk 0:46:54]} Rf7 {[%clk 0:51:45]} 16. Be3 {[%clk 0:46:16]} Qf6
{[%clk 0:48:02]} 17. b4 {[%clk 0:44:37]} Bf8 {[%clk 0:40:42]} 18. Ra2
{[%clk 0:40:26]} Rg7 {[%clk 0:33:43]} 19. Rb2 {[%clk 0:39:30]} axb4
{[%clk 0:29:55]} 20. cxb4 {[%clk 0:39:53]} Ba6 {[%clk 0:27:26]} 21. Bxa6
{[%clk 0:38:26]} Rxa6 {[%clk 0:27:48]} 22. a5 {[%clk 0:38:15]} h5
{[%clk 0:21:28]} 23. Rc2 {[%clk 0:35:52]} g5 {[%clk 0:19:26]} 24. Ng3
{[%clk 0:35:16]} fxe4 {[%clk 0:17:47]} 25. fxe4 {[%clk 0:35:38]} Qg6
{[%clk 0:16:01]} 26. Nf5 {[%clk 0:35:38]} Rf7 {[%clk 0:15:13]} 27. b5
{[%clk 0:35:22]} Ra8 {[%clk 0:14:33]} 28. axb6 {[%clk 0:34:22]} Nxb6
{[%clk 0:14:04]} 29. Nxb6 {[%clk 0:31:55]} cxb6 {[%clk 0:14:26]} 30. Qd2
{[%clk 0:15:42]} Rfa7 {[%clk 0:07:48]} 31. Bxb6 {[%clk 0:12:14]} Ra1
{[%clk 0:07:12]} 32. Bf2 {[%clk 0:09:47]} R1a3 {[%clk 0:06:49]} 33. b6
{[%clk 0:09:21]} Rb8 {[%clk 0:05:52]} 34. Qb4 {[%clk 0:07:40]} Ra6
{[%clk 0:04:34]} 35. Qb5 {[%clk 0:07:40]} Ra3 {[%clk 0:04:53]} 36. Rb1
{[%clk 0:07:49]} Nd3 {[%clk 0:04:56]} 37. Be3 {[%clk 0:07:33]} h4
{[%clk 0:03:07]} 38. Qd7 {[%clk 0:06:04]} g4 {[%clk 0:02:52]} 39. Qe6+
{[%clk 0:05:56]} Kh7 {[%clk 0:02:55]} 40. Rc7+ {[%clk 0:06:06]}  1-0

[Event "Summer Prague Open 2022 - A"]
[Site "Olympik hotel, Sokolovska 138, Praha"]
[Date "2022.08.05"]
[Round "1"]
[Board "5"]
[White "Bilunov, Denis B."]
[Black "Cernousek, Lukas"]
[Result "0-1"]
[WhiteElo "1977"]
[BlackElo "2429"]
[PlyCount "0"]
[EventDate "2022.08.05"]
[EventRounds "9"]
[EventCountry "CZE"]

1. e4 {[%clk 1:30:57]} c5 {[%clk 1:28:46]} 2. Nc3 {[%clk 1:31:20]} Nc6
{[%clk 1:28:12]} 3. g3 {[%clk 1:31:34]} g6 {[%clk 1:28:24]} 4. Bg2
{[%clk 1:31:59]} Bg7 {[%clk 1:28:49]} 5. Nge2 {[%clk 1:32:23]} d6
{[%clk 1:22:43]} 6. O-O {[%clk 1:32:18]} e6 {[%clk 1:15:58]} 7. d3
{[%clk 1:31:22]} Nge7 {[%clk 1:16:14]} 8. Bg5 {[%clk 1:31:45]} h6
{[%clk 1:12:52]} 9. Be3 {[%clk 1:32:10]} Nd4 {[%clk 1:12:59]} 10. Rb1
{[%clk 1:32:15]} Nec6 {[%clk 1:08:59]} 11. a3 {[%clk 1:31:16]} b6
{[%clk 0:47:35]} 12. Na2 {[%clk 1:28:46]} Bb7 {[%clk 0:34:38]} 13. c3
{[%clk 1:26:22]} Nxe2+ {[%clk 0:33:59]} 14. Qxe2 {[%clk 1:26:47]} O-O
{[%clk 0:33:24]} 15. Qc2 {[%clk 1:24:13]} Rc8 {[%clk 0:27:49]} 16. Rbd1
{[%clk 1:22:51]} Kh7 {[%clk 0:26:05]} 17. Nc1 {[%clk 1:22:31]} b5
{[%clk 0:23:32]} 18. Ne2 {[%clk 1:22:35]} a5 {[%clk 0:23:00]} 19. Qb1
{[%clk 1:17:57]} b4 {[%clk 0:22:27]} 20. d4 {[%clk 1:17:15]} Ba6 {[%clk 0:13:36]}
21. Rfe1 {[%clk 1:16:32]} Qb6 {[%clk 0:11:57]} 22. dxc5 {[%clk 0:36:12]} dxc5
{[%clk 0:12:26]} 23. cxb4 {[%clk 0:36:08]} axb4 {[%clk 0:12:49]} 24. Nf4
{[%clk 0:35:25]} Ne5 {[%clk 0:05:02]} 25. axb4 {[%clk 0:29:42]} Qxb4
{[%clk 0:05:22]} 26. Qc2 {[%clk 0:29:54]} Rfd8 {[%clk 0:02:30]} 27. Bd2
{[%clk 0:26:34]} Qc4 {[%clk 0:01:23]} 28. Bc3 {[%clk 0:26:42]} Bb5
{[%clk 0:01:42]} 29. b3 {[%clk 0:25:57]} Nf3+ {[%clk 0:02:03]} 30. Bxf3
{[%clk 0:26:19]} Qxc3 {[%clk 0:02:31]} 31. Qxc3 {[%clk 0:25:09]} Bxc3
{[%clk 0:03:00]} 32. Rxd8 {[%clk 0:25:06]} Rxd8 {[%clk 0:03:30]} 33. Rd1
{[%clk 0:25:22]} Rxd1+ {[%clk 0:02:03]} 34. Bxd1 {[%clk 0:25:47]} g5
{[%clk 0:02:06]} 35. Ne2 {[%clk 0:24:41]} Bd2 {[%clk 0:02:15]} 36. f3
{[%clk 0:23:01]} Kg6 {[%clk 0:00:43]} 37. Kf2 {[%clk 0:23:15]} Bd3
{[%clk 0:00:49]} 38. g4 {[%clk 0:22:41]} Kf6 {[%clk 0:00:54]} 39. Ng3
{[%clk 0:20:43]} Ke5 {[%clk 0:01:20]} 40. Be2 {[%clk 0:21:01]} Bc2
{[%clk 0:00:44]} 41. Bc4 {[%clk 0:21:25]} Bf4 {[%clk 0:25:00]} 42. Ke2
{[%clk 0:51:49]} Kd4 {[%clk 0:13:50]} 43. Nh5 {[%clk 0:52:07]} Bxh2
{[%clk 0:06:33]} 44. Kd2 {[%clk 0:52:33]} Bb1 {[%clk 0:06:53]} 45. Bb5
{[%clk 0:52:20]} Bf4+ {[%clk 0:04:01]} 46. Nxf4 {[%clk 0:52:44]} gxf4
{[%clk 0:04:20]} 47. Bc4 {[%clk 0:49:14]} f5 {[%clk 0:04:22]} 48. exf5
{[%clk 0:49:04]} exf5 {[%clk 0:04:43]} 49. Be6 {[%clk 0:49:26]} fxg4
{[%clk 0:03:51]} 50. Bxg4 {[%clk 0:49:52]} Bg6 {[%clk 0:04:08]} 51. Be6
{[%clk 0:49:12]} Bd3 {[%clk 0:01:56]} 52. Bf7 {[%clk 0:49:05]} Bb5
{[%clk 0:02:20]} 53. Be6 {[%clk 0:45:31]} Bc6 {[%clk 0:02:43]} 54. Ke2
{[%clk 0:45:49]} Bd5 {[%clk 0:03:01]}  0-1

[Event "Summer Prague Open 2022 - A"]
[Site "Olympik hotel, Sokolovska 138, Praha"]
[Date "2022.08.05"]
[Round "1"]
[Board "6"]
[White "Lalic, Bogdan"]
[Black "Olsen, Aage Dalstrup"]
[Result "1-0"]
[WhiteElo "2415"]
[BlackElo "1977"]
[PlyCount "0"]
[EventDate "2022.08.05"]
[EventRounds "9"]
[EventCountry "CZE"]

1. d4 {[%clk 1:25:23]} Nf6 {[%clk 1:30:54]} 2. c4 {[%clk 1:25:43]} e6
{[%clk 1:31:06]} 3. Nc3 {[%clk 1:26:02]} d5 {[%clk 1:31:03]} 4. cxd5
{[%clk 1:26:21]} exd5 {[%clk 1:31:23]} 5. Bg5 {[%clk 1:26:42]} c6
{[%clk 1:31:37]} 6. e3 {[%clk 1:27:04]} h6 {[%clk 1:31:41]} 7. Bh4
{[%clk 1:27:17]} Be7 {[%clk 1:31:26]} 8. Bd3 {[%clk 1:27:09]} O-O
{[%clk 1:27:00]} 9. h3 {[%clk 1:26:40]} Nbd7 {[%clk 1:26:40]} 10. Nge2
{[%clk 1:26:52]} Ne4 {[%clk 1:25:23]} 11. Bxe7 {[%clk 1:27:01]} Qxe7
{[%clk 1:25:33]} 12. Bxe4 {[%clk 1:27:18]} dxe4 {[%clk 1:25:46]} 13. g4
{[%clk 1:27:22]} Nf6 {[%clk 1:22:27]} 14. Qc2 {[%clk 1:25:23]} Re8
{[%clk 1:21:41]} 15. Ng3 {[%clk 1:22:36]} g6 {[%clk 1:19:27]} 16. O-O-O
{[%clk 1:19:04]} Bd7 {[%clk 1:18:27]} 17. Kb1 {[%clk 1:19:05]} b5
{[%clk 1:16:26]} 18. Rc1 {[%clk 1:15:06]} Rac8 {[%clk 1:13:24]} 19. Nce2
{[%clk 1:09:21]} Nd5 {[%clk 1:09:44]} 20. Qd2 {[%clk 1:09:45]} Nb4
{[%clk 1:07:28]} 21. Nc3 {[%clk 1:06:07]} Be6 {[%clk 1:01:16]} 22. a3
{[%clk 1:02:06]} Nd3 {[%clk 1:01:06]} 23. Rc2 {[%clk 0:51:50]} Bb3
{[%clk 0:56:59]} 24. Ncxe4 {[%clk 0:50:15]} Bxc2+ {[%clk 0:56:12]} 25. Qxc2
{[%clk 0:50:26]} Nxb2 {[%clk 0:55:08]} 26. Qxb2 {[%clk 0:49:36]} f5
{[%clk 0:53:30]} 27. gxf5 {[%clk 0:49:02]} gxf5 {[%clk 0:53:54]} 28. Rg1
{[%clk 0:48:24]} Kh7 {[%clk 0:53:33]} 29. d5 {[%clk 0:35:37]}  1-0

[Event "Summer Prague Open 2022 - A"]
[Site "Olympik hotel, Sokolovska 138, Praha"]
[Date "2022.08.05"]
[Round "1"]
[Board "7"]
[White "Schletter, Felix"]
[Black "Kaspi, Alexander"]
[Result "1-0"]
[WhiteElo "1975"]
[BlackElo "2412"]
[PlyCount "0"]
[EventDate "2022.08.05"]
[EventRounds "9"]
[EventCountry "CZE"]

1. e4 {[%clk 1:30:57]} c5 {[%clk 1:30:51]} 2. Nf3 {[%clk 1:31:20]} d6
{[%clk 1:31:16]} 3. d4 {[%clk 1:31:43]} cxd4 {[%clk 1:31:41]} 4. Nxd4
{[%clk 1:32:07]} Nf6 {[%clk 1:32:06]} 5. f3 {[%clk 1:32:30]} a6 {[%clk 1:31:29]}
6. c4 {[%clk 1:31:50]} e6 {[%clk 1:31:53]} 7. Nc3 {[%clk 1:32:04]} Be7
{[%clk 1:32:15]} 8. Be3 {[%clk 1:32:24]} b6 {[%clk 1:32:31]} 9. Be2
{[%clk 1:31:55]} O-O {[%clk 1:32:50]} 10. O-O {[%clk 1:32:17]} Bb7
{[%clk 1:33:15]} 11. Qd2 {[%clk 1:32:16]} Qc7 {[%clk 1:33:21]} 12. Rfc1
{[%clk 1:31:32]} Nbd7 {[%clk 1:33:39]} 13. a4 {[%clk 1:31:43]} a5
{[%clk 1:26:40]} 14. Ndb5 {[%clk 1:25:14]} Qb8 {[%clk 1:26:55]} 15. Bf4
{[%clk 1:20:39]} Nc5 {[%clk 1:26:26]} 16. Qc2 {[%clk 1:16:34]} Rd8
{[%clk 1:21:05]} 17. Rd1 {[%clk 1:15:49]} Rd7 {[%clk 1:21:29]} 18. Rd2
{[%clk 1:07:41]} Qf8 {[%clk 1:16:32]} 19. Rad1 {[%clk 1:05:59]} Rad8
{[%clk 1:16:50]} 20. e5 {[%clk 0:42:57]} Nh5 {[%clk 1:09:56]} 21. exd6
{[%clk 0:43:12]} Nxf4 {[%clk 1:10:11]} 22. dxe7 {[%clk 0:43:35]} Qxe7
{[%clk 1:10:36]} 23. Rxd7 {[%clk 0:40:27]} Rxd7 {[%clk 1:10:53]} 24. Rxd7
{[%clk 0:40:23]} Nxd7 {[%clk 1:06:27]} 25. Ne4 {[%clk 0:31:47]} f5
{[%clk 1:04:12]} 26. Ng3 {[%clk 0:23:50]} Qc5+ {[%clk 1:03:54]} 27. Kf1
{[%clk 0:23:06]} Ne5 {[%clk 0:58:50]} 28. Qd2 {[%clk 0:19:09]} Nxe2
{[%clk 0:51:34]} 29. Nxe2 {[%clk 0:17:54]} Qe7 {[%clk 0:32:10]} 30. Qf4
{[%clk 0:14:02]} Nc6 {[%clk 0:29:52]} 31. Qe3 {[%clk 0:12:01]} e5
{[%clk 0:26:25]} 32. Qxb6 {[%clk 0:11:57]} Qd7 {[%clk 0:24:18]} 33. Nc7
{[%clk 0:09:48]} Nd8 {[%clk 0:17:39]} 34. Qxa5 {[%clk 0:09:50]} e4
{[%clk 0:18:00]} 35. Nd5 {[%clk 0:08:55]} exf3 {[%clk 0:17:58]} 36. gxf3
{[%clk 0:09:16]} Ne6 {[%clk 0:17:50]} 37. Qb5 {[%clk 0:05:45]} Qf7
{[%clk 0:17:05]} 38. Qb4 {[%clk 0:05:34]} Ba6 {[%clk 0:14:11]} 39. b3
{[%clk 0:02:57]} h6 {[%clk 0:10:22]} 40. Qe7 {[%clk 0:01:44]} g5 {[%clk 0:08:49]}
41. Ke1 {[%clk 0:24:52]} f4 {[%clk 0:39:07]} 42. Qxf7+ {[%clk 0:24:56]} Kxf7
{[%clk 0:39:30]} 43. Kd2 {[%clk 0:25:01]} Nc5 {[%clk 0:39:01]} 44. Kc3
{[%clk 0:25:11]} Bb7 {[%clk 0:39:26]} 45. a5 {[%clk 0:25:00]} Ke6
{[%clk 0:39:33]} 46. b4 {[%clk 0:25:01]} Nd7 {[%clk 0:39:55]} 47. Kd4
{[%clk 0:17:36]} Ne5 {[%clk 0:39:20]} 48. a6 {[%clk 0:15:50]} Bxa6
{[%clk 0:39:33]} 49. Nc7+ {[%clk 0:16:12]} Kd6 {[%clk 0:39:57]} 50. Nxa6
{[%clk 0:16:28]} Nxf3+ {[%clk 0:40:21]} 51. Ke4 {[%clk 0:16:31]} Nd2+
{[%clk 0:40:26]} 52. Kd3 {[%clk 0:16:52]} Nf3 {[%clk 0:40:49]} 53. b5
{[%clk 0:14:43]} Ne5+ {[%clk 0:40:48]} 54. Kd4 {[%clk 0:14:51]} Nf3+
{[%clk 0:36:01]} 55. Ke4 {[%clk 0:15:19]} Nd2+ {[%clk 0:36:24]} 56. Kd3
{[%clk 0:15:45]} Nf3 {[%clk 0:36:46]} 57. c5+ {[%clk 0:15:49]} Kd5
{[%clk 0:37:03]} 58. Nc3+ {[%clk 0:16:04]} Ke6 {[%clk 0:37:12]} 59. b6
{[%clk 0:16:05]} Ne5+ {[%clk 0:36:18]} 60. Ke4 {[%clk 0:16:25]}  1-0

[Event "Summer Prague Open 2022 - A"]
[Site "Olympik hotel, Sokolovska 138, Praha"]
[Date "2022.08.05"]
[Round "1"]
[Board "8"]
[White "Lutsko, Artem"]
[Black "Rasmussen, Jonas H"]
[Result "1-0"]
[WhiteElo "2407"]
[BlackElo "1972"]
[PlyCount "0"]
[EventDate "2022.08.05"]
[EventRounds "9"]
[EventCountry "CZE"]

1. Nf3 {[%clk 1:30:59]} Nf6 {[%clk 1:30:46]} 2. g3 {[%clk 1:31:25]} d5
{[%clk 1:30:58]} 3. Bg2 {[%clk 1:31:51]} g6 {[%clk 1:30:24]} 4. b3
{[%clk 1:31:34]} Bg7 {[%clk 1:30:33]} 5. Bb2 {[%clk 1:32:00]} O-O
{[%clk 1:30:07]} 6. c4 {[%clk 1:32:13]} e6 {[%clk 1:27:09]} 7. O-O
{[%clk 1:32:22]} b6 {[%clk 1:26:56]} 8. cxd5 {[%clk 1:27:15]} exd5
{[%clk 1:26:09]} 9. Nc3 {[%clk 1:27:36]} Bb7 {[%clk 1:25:23]} 10. d4
{[%clk 1:27:42]} Nbd7 {[%clk 1:23:19]} 11. Qc2 {[%clk 1:25:54]} a6
{[%clk 1:18:35]} 12. Rad1 {[%clk 1:21:51]} Re8 {[%clk 1:12:06]} 13. Ne5
{[%clk 1:18:29]} Qe7 {[%clk 1:04:45]} 14. Rfe1 {[%clk 1:17:30]} Rad8
{[%clk 1:01:34]} 15. e3 {[%clk 1:16:18]} Nxe5 {[%clk 0:51:29]} 16. dxe5
{[%clk 1:16:39]} Ne4 {[%clk 0:51:16]} 17. Nxe4 {[%clk 1:13:43]} dxe4
{[%clk 0:51:38]} 18. Rc1 {[%clk 0:42:44]} c5 {[%clk 0:43:18]} 19. Bxe4
{[%clk 0:42:46]} Bxe4 {[%clk 0:42:53]} 20. Qxe4 {[%clk 0:43:13]} Bxe5
{[%clk 0:42:14]} 21. Bxe5 {[%clk 0:43:31]} Qxe5 {[%clk 0:42:08]} 22. Qb7
{[%clk 0:41:57]} Qf6 {[%clk 0:35:32]} 23. Qxa6 {[%clk 0:36:26]} Rd2
{[%clk 0:33:27]} 24. Re2 {[%clk 0:36:38]} Red8 {[%clk 0:30:17]} 25. Rce1
{[%clk 0:34:19]} Kg7 {[%clk 0:24:14]} 26. Kg2 {[%clk 0:33:27]} Qc6+
{[%clk 0:21:19]} 27. e4 {[%clk 0:31:04]} Qf6 {[%clk 0:15:53]} 28. Rxd2
{[%clk 0:26:50]} Rxd2 {[%clk 0:16:09]} 29. Re2 {[%clk 0:27:19]} Rd1
{[%clk 0:15:09]} 30. Qb7 {[%clk 0:24:15]} Qe6 {[%clk 0:09:39]} 31. Qc7
{[%clk 0:22:29]} Rd6 {[%clk 0:07:21]} 32. h3 {[%clk 0:14:23]} Rd1
{[%clk 0:05:20]} 33. Qf4 {[%clk 0:13:15]} Rd4 {[%clk 0:04:21]} 34. Qf3
{[%clk 0:13:02]} Qe5 {[%clk 0:03:31]} 35. Qc3 {[%clk 0:12:52]} Kg8
{[%clk 0:03:03]} 36. a3 {[%clk 0:08:14]} Qe6 {[%clk 0:02:16]} 37. Qf3
{[%clk 0:07:10]} Qe5 {[%clk 0:02:09]} 38. Re3 {[%clk 0:07:36]} Kg7
{[%clk 0:01:12]} 39. Qe2 {[%clk 0:06:55]} Qe6 {[%clk 0:00:46]} 40. e5
{[%clk 0:07:11]} Rd5 {[%clk 0:00:42]} 41. Qc4 {[%clk 0:05:33]} Qc6
{[%clk 0:27:06]} 42. Qe4 {[%clk 0:35:11]} Qe6 {[%clk 0:26:52]} 43. g4
{[%clk 0:31:58]} Rd4 {[%clk 0:25:08]} 44. Qf3 {[%clk 0:32:20]} Rd5
{[%clk 0:24:28]} 45. Qe2 {[%clk 0:32:13]} Rd4 {[%clk 0:24:13]} 46. Kg3
{[%clk 0:32:21]} g5 {[%clk 0:20:14]} 47. Qc2 {[%clk 0:29:03]} Rf4
{[%clk 0:18:30]} 48. Qd3 {[%clk 0:28:34]} h6 {[%clk 0:12:52]} 49. f3
{[%clk 0:26:41]} Rd4 {[%clk 0:09:53]} 50. Qf5 {[%clk 0:26:32]} Qe7
{[%clk 0:10:13]} 51. e6 {[%clk 0:20:56]} f6 {[%clk 0:09:45]} 52. Re2
{[%clk 0:21:09]} Qd6+ {[%clk 0:06:26]} 53. Kg2 {[%clk 0:21:03]} Rd2
{[%clk 0:03:30]} 54. Kf1 {[%clk 0:19:09]} Rd1+ {[%clk 0:01:59]} 55. Re1
{[%clk 0:19:11]} Qd2 {[%clk 0:01:04]} 56. Qe4 {[%clk 0:19:34]} Rxe1+
{[%clk 0:00:42]} 57. Qxe1 {[%clk 0:20:02]} Qd3+ {[%clk 0:00:43]} 58. Qe2
{[%clk 0:17:21]} Qd8 {[%clk 0:00:36]} 59. e7 {[%clk 0:17:09]} Qe8
{[%clk 0:01:02]} 60. Qe6 {[%clk 0:17:35]} b5 {[%clk 0:00:51]} 61. Ke1
{[%clk 0:16:27]} c4 {[%clk 0:00:43]} 62. bxc4 {[%clk 0:16:28]} bxc4
{[%clk 0:01:06]} 63. Kd2 {[%clk 0:16:41]} Kg6 {[%clk 0:00:40]} 64. a4
{[%clk 0:17:06]} Kg7 {[%clk 0:00:47]} 65. Kc3 {[%clk 0:16:28]}  1-0